| 000 | 00560nam a2200157 a 4500 | ||
|---|---|---|---|
| 001 | 000038315 | ||
| 005 | 20201002031228.0 | ||
| 008 | 130408s1999 dr ac 000 0 spa d | ||
| 040 |
_aDO-SdBNP _bspa _cBNPHU |
||
| 100 | 1 |
_aSimón Consuegra, José Miguel _951487 |
|
| 245 | 1 | 0 |
_aEducación sexual para la vida y el amor / _cJosé Miguel Simón Consuegra, Margarita Hernández Tejada. |
| 260 |
_aSanto Domingo : _bSusaeta, _c1999. |
||
| 300 |
_a115 p. : _bils., rets. ; _c28 cm. |
||
| 504 | _aBibliografía : p. 115- | ||
| 700 | 1 |
_aHernández Tejada, Margarita, _950027 |
|
| 999 |
_c37805 _d37805 |
||